000 00930nam0a22002651 4500
001 rc\3247384
005 20250609195413.0
021 _aRU
_b[69-115966]
035 _a(NLR Aleph) 007478175
090 _a7487823
_c7487823
100 _a20130115d1969 |||y0rusy50 ca
101 0 _arus
102 _aRU
105 _ay z |||||
200 1 _aЗаводам виноделия - научную организацию труда и производства
210 _aМахачкала
_cДагкнигоиздат
_d1969
215 _a47 с.
_d20
606 _aВиноделие
_xОрганизация труда
_2psbo
606 _aВинодельческие заводы
_xОрганизация производства
_2psbo
700 1 _aХанукаев
_bС.Б.
_gСергей Борисович
801 0 _aRU
_bNLR
_gpsbo
801 1 _aRU
_bELAR
_2rusmarc
852 _aNLR
_j69-4/33000
942 _cBOOK
980 _aNB